Rozpočtovanie a hlavné druhy rozpočtov v podniku
Rozpočtovanie a rozpočty súčasťou ekonomického riadenia firmy. Ich podstata a význam. Rozpočet ako nástroj presadzovania zodpovednosti za úroveň hospodárnosti, jeho význam v riadení režijných nákladov. Druhy rozpočtov. Metódy rozpočtovania: plánová, normová, jednorazová, metóda rozpočtového odhadu,...
Guardado en:
| Autor principal: | |
|---|---|
| Otros Autores: | |
| Formato: | Capítulo de libro |
| Lenguaje: | eslovaco |
| Materias: | |
| Etiquetas: |
Sin Etiquetas, Sea el primero en etiquetar este registro!
|
MARC
| LEADER | 00000naa a2200000 4500 | ||
|---|---|---|---|
| 001 | r016951 | ||
| 005 | 20221205103251.3 | ||
| 041 | 0 | |a slo | |
| 044 | |a SK | ||
| 245 | 1 | 0 | |a Rozpočtovanie a hlavné druhy rozpočtov v podniku |c Milan Rajňák, Milan Kupkovič |
| 520 | |a Rozpočtovanie a rozpočty súčasťou ekonomického riadenia firmy. Ich podstata a význam. Rozpočet ako nástroj presadzovania zodpovednosti za úroveň hospodárnosti, jeho význam v riadení režijných nákladov. Druhy rozpočtov. Metódy rozpočtovania: plánová, normová, jednorazová, metóda rozpočtového odhadu, príklad analýzy ex post a ex ante na úrovni malého podniku. | ||
| 610 | 2 | 0 | |a rozpočtovníctvo |
| 610 | 2 | 0 | |a firmy |
| 610 | 2 | 0 | |a podnikatelia |
| 610 | 2 | 0 | |a riadenie hospodárske |
| 610 | 2 | 0 | |a rozpočet podnikový |
| 610 | 2 | 0 | |a náklady |
| 100 | 1 | |a Rajňák, Milan | |
| 700 | 1 | |a Kupkovič, Milan | |